| 000 | 02015nam0a2200397 4500 | ||
|---|---|---|---|
| 001 | RU\NLR\bibl\178941 | ||
| 005 | 20250618062433.0 | ||
| 010 |
_a5-86567-031-X _92000 |
||
| 021 |
_aRU _b2001-24229 _91148 |
||
| 035 | _a(NLR Aleph) 000175622 | ||
| 090 |
_a1012990 _c1012990 |
||
| 100 | _a20010808d2001 |||y0rusy50 ca | ||
| 101 | 0 | _arus | |
| 102 | _aRU | ||
| 105 | _ay ||||||||| | ||
| 200 | 1 |
_aАренда жилых и нежилых помещений _e[Сб. законодат. и норматив. материалов] _fВладимирская А. С. |
|
| 210 |
_aМ. _cМТ-пресс _d2001 |
||
| 215 |
_a222 с. _d20 |
||
| 606 | 0 |
_aЖилая площадь _jНормативные и руководящие материалы _xАренда _yРоссийская Федерация _92138324 _3RU\NLR\auth\661289151 |
|
| 606 | 0 |
_aЖилая площадь _jНормативные документы _xАренда _yРоссийская Федерация _92138324 _3RU\NLR\auth\661289151 |
|
| 606 | 0 |
_aНежилые помещения _jНормативные и руководящие материалы _xАренда _yРоссийская Федерация _92138326 _3RU\NLR\auth\661289152 |
|
| 606 | 0 |
_aНежилые помещения _jНормативные документы _xАренда _yРоссийская Федерация _92138326 _3RU\NLR\auth\661289152 |
|
| 610 | 0 | _aЖилые помещения - Аренда - Нормативные и руководящие материалы | |
| 610 | 0 | _aНежилые помещения - Аренда - Нормативные и руководящие материалы | |
| 675 |
_a347.453 _v3 _zrus |
||
| 686 |
_a10.27 _2rugasnti |
||
| 686 |
_a67.404.2 _2rubbk |
||
| 686 | _aУ44(2)12-17я8 | ||
| 686 | _aХ623.211.3 | ||
| 702 | 1 |
_aВладимирская _bА. С. |
|
| 801 | 0 |
_aRU _bRKP _c20010808 _gPSBO |
|
| 801 | 1 |
_aRU _bRKP _c20010808 |
|
| 801 | 2 |
_aRU _bNLR _c20010913 _grcr |
|
| 942 | _cBOOK | ||
| 980 | _aNB | ||